Activitas nervosa superior rediviva international journal for integrated neuroscience

Bibliographic Details
Format: Journal
Language:English
PhysicalDescription:zv. obr., tab. 28 cm
Online vydanie: Activitas nervosa superior rediviva (Online) ISSN 1338-4015
Published: Bratislava Institute of Normal and Pathological Physiology, Slovak Academy of Science St. Elizabeth University of Health and Social Work 2009-
Bratislava Institute of Normal and Pathological Physiology, Slovak Academy of Science Maghira & Maas publications
ISSN:1337-933X
Subjects:
Online Access:http://www.rediviva.sav.sk/

MARC

LEADER 00000cas a2200000 a 4500
001 vtls010211726
003 SK-MaSNL
005 20260228161159.0
008 110216c20099999xo qr|p 0 b0eng
022 |a 1337-933X 
040 |a SVKBB  |b slo  |c SVKBB  |d SAVUK  |d SNK  |e AACR2 
041 0 |a eng  |b eng 
044 |a xo  |c SK 
072 7 |a 612  |x Fyziológia človeka a porovnávacia fyziológia  |2 konspekt 
072 7 |a 616  |x Patológia. Klinická medicína  |2 konspekt 
080 |a 612.8  |2 2011 
080 |a 616.8  |2 2011 
080 |a 050  |2 2011 
080 |a (051)-027.561  |2 2011 
210 0 |a Act. nerv. super. rediviva  |b (Tlačené vyd.) 
222 0 |a Activitas nervosa superior rediviva  |b (Tlačené vydanie) 
245 0 0 |a Activitas nervosa superior rediviva  |b international journal for integrated neuroscience 
260 |a Bratislava  |b Institute of Normal and Pathological Physiology, Slovak Academy of Science  |b St. Elizabeth University of Health and Social Work  |c 2009- 
260 3 |3 ?-  |a Bratislava  |b Institute of Normal and Pathological Physiology, Slovak Academy of Science  |b Maghira & Maas publications 
300 |a zv.  |b obr., tab.  |c 28 cm 
310 |a 4x ročne  |b 2019- 
321 |a 4x ročne  |b 2009-2016 
321 |a 2x ročne  |b 2017-2018 
362 0 |a Vol. 51, no. 1/2 (2009)- 
500 |a Evidenčné č.: EV 2869/09 
504 |a Bibliogr. 
515 |a Niektoré čísla vychádzajú ako dvojčíslo 
530 |a Online vydanie: Activitas nervosa superior rediviva (Online) ISSN 1338-4015 
546 |a Res. angl. 
650 0 7 |a neurofyziológia  |2 SNKPH  |9 19437 
650 0 7 |a neurológia  |2 SNKPH  |9 908 
650 0 7 |a nervový systém  |2 SNKPH  |9 67250 
650 0 7 |a Neurophysiology  |2 SNKPHeng  |9 268143 
650 0 7 |a Neurology  |2 SNKPHeng  |9 267633 
650 0 7 |a Nervous system  |2 SNKPHeng  |9 268144 
655 7 |a odborné časopisy  |2 SNKPH  |9 70505 
710 2 |a Vysoká škola zdravotníctva a sociálnej práce sv. Alžbety v Bratislave  |4 pbl  |9 134854 
710 2 |a Slovenská akadémia vied.  |b Ústav normálnej a patologickej fyziológie  |4 pbl  |9 62602 
852 |a Štátna vedecká knižnica v Banskej Bystrici 
856 4 1 |u http://www.rediviva.sav.sk/ 
910 |a savuk 
910 |a snk 
916 |a 2009-2015, 2016-2018, 2019-2020, 2021 
999 |c 4583  |d 6513 
952 |0 0  |1 0  |4 0  |7 0  |8 0  |a SNK  |b SNK  |d 2020-11-25  |f 1  |i snk2020/20989  |l 0  |o snkČSB 5935/61/2019  |p 17A1432644  |r 2026-02-21 19:24:20  |t č. 1-4  |w 2026-02-21  |y PREZ 
952 |0 0  |1 0  |4 0  |7 0  |8 0  |a SNK  |b SNK  |d 2014-11-05  |f 1  |i snk2014/24070  |l 0  |o snkČSB 5935/51/2009  |p 17A1089430  |r 2026-02-21 19:45:31  |t č. 1-4  |w 2026-02-21  |y PREZ 
952 |0 0  |1 0  |4 0  |7 0  |8 0  |a SNK  |b SNK  |d 2014-11-05  |i snk2014/24071  |l 0  |o snkČSB 5935/51/2009 D1  |p 17A1089431  |r 2026-02-21 19:45:31  |t č. 1-4  |w 2026-02-21  |y PREZ 
952 |0 0  |1 0  |4 0  |7 0  |8 0  |a SNK  |b SNK  |d 2014-11-05  |f 1  |i snk2014/24072  |l 0  |o snkČSB 5935/52/2010  |p 17A1089432  |r 2026-02-21 19:45:31  |t č. 1-4  |w 2026-02-21  |y PREZ 
952 |0 0  |1 0  |4 0  |7 0  |8 0  |a SNK  |b SNK  |d 2014-11-05  |i snk2014/24073  |l 0  |o snkČSB 5935/52/2010 D1  |p 17A1089433  |r 2026-02-21 19:45:31  |t č. 1-4  |w 2026-02-21  |y PREZ 
952 |0 0  |1 0  |4 0  |7 0  |8 0  |a SNK  |b SNK  |d 2023-08-02  |i snk2023/11547  |l 0  |o snkČSB 5935/62/2020 D1  |p 17A1521104  |r 2026-02-21 19:47:54  |t č. 1-4  |w 2026-02-21  |y PREZ 
952 |0 0  |1 0  |4 0  |7 0  |8 0  |a SNK  |b SNK  |d 2023-08-02  |i snk2023/11548  |l 0  |o snkČSB 5935/63/2021 D1  |p 17A1521105  |r 2026-02-21 19:47:54  |t č. 1-4, neúplné  |w 2026-02-21  |y PREZ  |z Chýba č. 3, 4 
952 |0 0  |1 0  |4 0  |7 0  |8 0  |a SNK  |b SNK  |d 2023-08-02  |i snk2023/11549  |l 0  |o snkČSB 5935/64/2022  |p 17A1521106  |r 2026-02-21 19:47:54  |t č. 1-4  |w 2026-02-21  |y PREZ 
952 |0 0  |1 0  |4 0  |7 0  |8 0  |a SNK  |b SNK  |d 2021-05-31  |i snk2021/5999  |l 0  |o snkČSB 5935/61/2019 D1  |p 17A1433135  |r 2026-02-21 19:52:27  |t č. 1-4  |w 2026-02-21  |y PREZ 
952 |0 0  |1 0  |4 0  |7 0  |8 0  |a SNK  |b SNK  |d 2021-05-31  |f 1  |i snk2021/6000  |l 0  |o snkČSB 5935/62/2020  |p 17A1433134  |r 2026-02-21 19:52:27  |t č. 1-4  |w 2026-02-21  |y PREZ 
952 |0 0  |1 0  |4 0  |7 0  |8 0  |a SNK  |b SNK  |d 2022-09-05  |f 1  |i snk2022/13252  |l 0  |o snkČSB 5935/63/2021  |p 17A1463922  |r 2026-02-21 20:01:05  |t č. 1-4  |w 2026-02-21  |y PREZ 
952 |0 0  |1 0  |4 0  |7 0  |8 0  |a SNK  |b SNK  |d 2014-11-05  |f 1  |i snk2014/24074  |l 0  |o snkČSB 5935/53/2011  |p 17A1089434  |r 2026-02-21 20:32:35  |t č. 1-4  |w 2026-02-21  |y PREZ 
952 |0 0  |1 0  |4 0  |7 0  |8 0  |a SNK  |b SNK  |d 2014-11-05  |i snk2014/24075  |l 0  |o snkČSB 5935/53/2011 D1  |p 17A1089435  |r 2026-02-21 20:32:35  |t č. 1-4  |w 2026-02-21  |y PREZ 
952 |0 0  |1 0  |4 0  |7 0  |8 0  |a SNK  |b SNK  |d 2014-11-05  |f 1  |i snk2014/24076  |l 0  |o snkČSB 5935/54/2012  |p 17A1089436  |r 2026-02-21 20:32:35  |t č. 1-4  |w 2026-02-21  |y PREZ 
952 |0 0  |1 0  |4 0  |7 0  |8 0  |a SNK  |b SNK  |d 2014-11-05  |i snk2014/24077  |l 0  |o snkČSB 5935/54/2012 D1  |p 17A1089437  |r 2026-02-21 20:32:35  |t č. 1-4  |w 2026-02-21  |y PREZ 
952 |0 0  |1 0  |4 0  |7 0  |8 0  |a SNK  |b SNK  |d 2019-10-02  |i snk2019/24769  |l 0  |o snkČSB 5935/57/2015 D1  |p 17A1383641  |r 2026-02-21 21:52:52  |t č. 1-4  |w 2026-02-21  |y PREZ 
952 |0 0  |1 0  |4 0  |7 1  |8 0  |a SNK  |b SNK  |d 2019-10-02  |i snk2019/24774  |l 0  |o snkČSB 5935/58/2016  |p 17A1383642  |r 2026-02-21 21:52:52  |t č. 1-4  |w 2026-02-21  |y NEVYP 
952 |0 0  |1 0  |4 0  |7 0  |8 0  |a SNK  |b SNK  |d 2019-10-02  |f 1  |i snk2019/24777  |l 0  |o snkČSB 5935/58/2016 D1  |p 17A1383643  |r 2026-02-21 21:52:52  |t č. 1-4  |w 2026-02-21  |y PREZ 
952 |0 0  |1 0  |4 0  |7 0  |8 0  |a SNK  |b SNK  |d 2019-10-02  |f 1  |i snk2019/24781  |l 0  |o snkČSB 5935/59/2017  |p 17A1383644  |r 2026-02-21 21:52:52  |t č. 1-2  |w 2026-02-21  |y PREZ 
952 |0 0  |1 0  |4 0  |7 0  |8 0  |a SNK  |b SNK  |d 2019-10-02  |i snk2019/24799  |l 0  |o snkČSB 5935/59/2017 D1  |p 17A1383645  |r 2026-02-21 21:52:52  |t č. 1-2  |w 2026-02-21  |y PREZ 
952 |0 0  |1 0  |4 0  |7 0  |8 0  |a SNK  |b SNK  |d 2019-10-02  |f 1  |i snk2019/24805  |l 0  |o snkČSB 5935/60/2018  |p 17A1383646  |r 2026-02-21 21:52:52  |t č. 1-2  |w 2026-02-21  |y PREZ 
952 |0 0  |1 0  |4 0  |7 0  |8 0  |a SNK  |b SNK  |d 2019-10-02  |i snk2019/24811  |l 0  |o snkČSB 5935/60/2018 D1  |p 17A1383647  |r 2026-02-21 21:52:52  |t č. 1-2  |w 2026-02-21  |y PREZ 
952 |0 0  |1 0  |4 0  |7 0  |8 0  |a SNK  |b SNK  |d 2016-04-22  |f 1  |i snk2016/10366  |l 0  |o snkČSB 5935/55/2013  |p 17A1099333  |r 2026-02-21 22:16:31  |t č. 1-4  |w 2026-02-21  |y PREZ 
952 |0 0  |1 0  |4 0  |7 0  |8 0  |a SNK  |b SNK  |d 2016-04-22  |i snk2016/10370  |l 0  |o snkČSB 5935/55/2013 D1  |p 17A1099332  |r 2026-02-21 22:16:31  |t č. 1-4  |w 2026-02-21  |y PREZ 
952 |0 0  |1 0  |4 0  |7 0  |8 0  |a SNK  |b SNK  |d 2016-04-22  |f 1  |i snk2016/10398  |l 0  |o snkČSB 5935/56/2014  |p 17A1099322  |r 2026-02-21 22:16:31  |t č. 1-4  |w 2026-02-21  |y PREZ 
952 |0 0  |1 0  |4 0  |7 0  |8 0  |a SNK  |b SNK  |d 2016-04-22  |i snk2016/10399  |l 0  |o snkČSB 5935/56/2014 D1  |p 17A1099323  |r 2026-02-21 22:16:31  |t č. 1-4  |w 2026-02-21  |y PREZ 
952 |0 0  |1 0  |4 0  |7 0  |8 0  |a SNK  |b SNK  |d 2016-04-22  |f 1  |i snk2016/10405  |l 0  |o snkČSB 5935/57/2015  |p 17A1099331  |r 2026-02-21 22:16:31  |t č. 1-4  |w 2026-02-21  |y PREZ